<?xml version="1.0" encoding="UTF-8"?>
<record
    xmlns:xsi="http://www.w3.org/2001/XMLSchema-instance"
    xsi:schemaLocation="http://www.loc.gov/MARC21/slim http://www.loc.gov/standards/marcxml/schema/MARC21slim.xsd"
    xmlns="http://www.loc.gov/MARC21/slim">

  <leader>03234nam a22003257i 4500</leader>
  <controlfield tag="003">DO-SdBNP</controlfield>
  <controlfield tag="005">20240513103117.0</controlfield>
  <controlfield tag="007">ta</controlfield>
  <controlfield tag="008">240513b2008    dr abo|| |||| 00| 0 eng d</controlfield>
  <datafield tag="020" ind1=" " ind2=" ">
    <subfield code="a">9789945454079</subfield>
  </datafield>
  <datafield tag="040" ind1=" " ind2=" ">
    <subfield code="b">spa</subfield>
    <subfield code="c">BNPHU</subfield>
    <subfield code="e">rda</subfield>
  </datafield>
  <datafield tag="082" ind1="0" ind2="4">
    <subfield code="2">22</subfield>
    <subfield code="a">972.976</subfield>
    <subfield code="b">B216c</subfield>
  </datafield>
  <datafield tag="100" ind1=" " ind2=" ">
    <subfield code="a">Bangou, Henri,</subfield>
    <subfield code="d">1922-</subfield>
    <subfield code="9">74208</subfield>
    <subfield code="e">autor</subfield>
  </datafield>
  <datafield tag="245" ind1="1" ind2="0">
    <subfield code="a">Los caminos de la soberan&#xED;a : </subfield>
    <subfield code="b">asentamientos e instituciones en Guadalupe (Desde los or&#xED;genes hasta nuestros d&#xED;as) / </subfield>
    <subfield code="c">Henri Bangou ; edici&#xF3;n al cuidado de Alberto E. Despradel Cabral ; traducci&#xF3;n Cossette Alvarez ; diagramaci&#xF3;n Yissel Casado.</subfield>
  </datafield>
  <datafield tag="264" ind1=" " ind2=" ">
    <subfield code="a">Santo Domingo, Rep&#xFA;blica Dominicana :</subfield>
    <subfield code="b">Editora Manat&#xED;, </subfield>
    <subfield code="c">2008.</subfield>
  </datafield>
  <datafield tag="300" ind1=" " ind2=" ">
    <subfield code="a">224 p&#xE1;ginas :</subfield>
    <subfield code="b">ilustraciones, mapas, fotograf&#xED;as ;</subfield>
    <subfield code="c">23 cm.</subfield>
  </datafield>
  <datafield tag="336" ind1=" " ind2=" ">
    <subfield code="2">rdacontent </subfield>
    <subfield code="a">texto</subfield>
    <subfield code="b">txt</subfield>
  </datafield>
  <datafield tag="337" ind1=" " ind2=" ">
    <subfield code="2">rdamedia</subfield>
    <subfield code="a">sin mediaci&#xF3;n </subfield>
    <subfield code="b">n</subfield>
  </datafield>
  <datafield tag="338" ind1=" " ind2=" ">
    <subfield code="2">rdacarrier</subfield>
    <subfield code="a">volumen</subfield>
    <subfield code="b">nc</subfield>
  </datafield>
  <datafield tag="500" ind1=" " ind2=" ">
    <subfield code="a">Incluye referencias bibliogr&#xE1;ficas y notas al pie de p&#xE1;ginas.</subfield>
  </datafield>
  <datafield tag="500" ind1=" " ind2=" ">
    <subfield code="a">Incluye datos biogr&#xE1;ficos del autor en la contracubierta.</subfield>
  </datafield>
  <datafield tag="505" ind1="0" ind2=" ">
    <subfield code="a">Biograf&#xED;a del autor, 13.-- La obra de Henri Bangou y sus aportes al pensamiento caribe&#xF1;o, 23.-- Prefacio, 53.-- Pr&#xF3;logo, 65.-- Introducci&#xF3;n, 67.-- Primera parte. Desde los or&#xED;genes hasta a Revoluci&#xF3;n Francesa de 1789, 73.-- Los pueblos precolombinos y la colonizaci&#xF3;n, 75.-- Franceses y Caribes en Guadalupe, 83.-- Los colonos franceses, 86.-- El pacto colonial, 90.-- Primeros conflictos institucionales, 92.-- Los otros asentamientos. Los contratados, 96.-- Los esclavos africanos, 99.-- El C&#xF3;digo Negro, 102.-- Hombres de color libres y liberados, 104.-- Segunda parte. Los acontecimientos revolucionarios y sus repercusiones en las instituciones y asentamientos humanos en Guadalupe, 109.-- Primer per&#xED;odo revolucionario: de 1789 a 1794, 111.-- La Asamblea Nacional y los problemas guadalupe&#xF1;os, 114.-- La Asamblea Colonial y los acontecimientos en Guadalupe, 115.-- La Asamblea Nacional y el problema de los esclavos negros, 120.-- Los esclavos negros de Guadalupe y la Revoluci&#xF3;n, 122.-- Las instituciones revolucionarias y la administraci&#xF3;n de la isla durante este per&#xED;odo, 123.-- Tercera parte. Las instituciones de 1802 a 1848, 133.-- Abolici&#xF3;n de la esclavitud en las Antillas Francesas, 143.-- Cuarta parte. Grupos humanos e instituciones en Guadalupe despu&#xE9;s de 1848, 151.-- Instituciones y lucha de clases, 163.-- Los indios, su status, su inserci&#xF3;n en el mundo del trabajo en Guadalupe, 165.-- Las luchas obreras y campesinas, 171.-- Quinta parte. Evoluci&#xF3;n constitucional de la post-guerra (1940-1945), 179.-- La departamentalizaci&#xF3;n y sus l&#xED;mites, 181.-- Asimilaci&#xF3;n integral o asimilaci&#xF3;n mitigada, 183.-- La departamentalizaci&#xF3;n adaptada y la Constituci&#xF3;n de 1958, 194.-- Sexta parte. Problem&#xE1;tica institucional en Guadalupe. Ciudadan&#xED;a - Nacionalidad - Transnacionalidad, 209.</subfield>
  </datafield>
  <datafield tag="590" ind1=" " ind2=" ">
    <subfield code="a">Inventariado, 2023 /LP</subfield>
  </datafield>
  <datafield tag="651" ind1=" " ind2="4">
    <subfield code="a">Guadalupe</subfield>
    <subfield code="x">Historia</subfield>
    <subfield code="9">85437</subfield>
  </datafield>
  <datafield tag="651" ind1=" " ind2="4">
    <subfield code="a">Guadalupe</subfield>
    <subfield code="y">Descubrimiento y conquista, 1493</subfield>
    <subfield code="z">Historia</subfield>
    <subfield code="9">85438</subfield>
  </datafield>
  <datafield tag="700" ind1="1" ind2=" ">
    <subfield code="a">Despradel Cabral, Alberto E.,</subfield>
    <subfield code="e">cuidado de edici&#xF3;n</subfield>
    <subfield code="9">34488</subfield>
  </datafield>
  <datafield tag="700" ind1="1" ind2=" ">
    <subfield code="a">&#xC1;lvarez, Cossette,</subfield>
    <subfield code="e">traducci&#xF3;n</subfield>
    <subfield code="9">85439</subfield>
  </datafield>
  <datafield tag="700" ind1="1" ind2=" ">
    <subfield code="a">Casado, Yissel, </subfield>
    <subfield code="e">diagramaci&#xF3;n</subfield>
    <subfield code="9">43308</subfield>
  </datafield>
  <datafield tag="942" ind1=" " ind2=" ">
    <subfield code="2">ddc</subfield>
    <subfield code="c">LBS1</subfield>
  </datafield>
  <datafield tag="952" ind1=" " ind2=" ">
    <subfield code="0">0</subfield>
    <subfield code="1">0</subfield>
    <subfield code="2">ddc</subfield>
    <subfield code="7">0</subfield>
    <subfield code="8">PD</subfield>
    <subfield code="a">BNPHU</subfield>
    <subfield code="b">BNPHU</subfield>
    <subfield code="c">HD</subfield>
    <subfield code="d">2024-05-13</subfield>
    <subfield code="e">Donado por Emilio Cordero Michel</subfield>
    <subfield code="l">0</subfield>
    <subfield code="o">BNPHU PD 972.976 B216c</subfield>
    <subfield code="p">2024-2888</subfield>
    <subfield code="r">2024-05-13</subfield>
    <subfield code="w">2024-05-13</subfield>
    <subfield code="y">LBS1</subfield>
  </datafield>
  <datafield tag="999" ind1=" " ind2=" ">
    <subfield code="c">56632</subfield>
    <subfield code="d">56632</subfield>
  </datafield>
</record>
